000 00962cam6a220026500 4500
001 qce02420487
005 20190813170426.0
008 660808s1966 ilu 000 0 eng d
035 _a(Sirsi) r66160
035 _a(QCAT)lss04932942
035 _a(UPRA)qce02420487
040 _dUPRA
060 0 _aW 15
_bA512ce 1966
110 2 _aAmerican Medical Association.
_6A10757.1
245 1 0 _aCurrent procedural terminology :
_bBurgess L. Gordon, editor.
250 _a1st ed.
260 _a[Chicago,
_cc1966]
500 _aA companion volume to Current medical terminology.
650 2 _aNomenclature.
_6S19117.1
700 1 _aGordon, Burgess L. (Burgess Lee), b. 1892.
_qGordon, Burgess L. (Burgess Lee), b. 1892.
_dGordon, Burgess L. (Burgess Lee), b. 1892.
_6A26589.1
949 _aR123
_wLC
_i-88452
_mMEDICAL
_tBOOK
_lON-SHELF
949 _aR123
_wLC
_i-88453
_mMEDICAL
_tBOOK
_lON-SHELF
949 _aR123
_wLC
_i-88454
_mMEDICAL
_tBOOK
_lON-SHELF
004 66160
999 _c41243
_d41243